000 00723nam a22002292a 4500
001 20232
003 BD-RjUL
005 20211209000534.0
008 140227s1953 enka j 000 1 eng d
035 _aOCLC ocm07095430 from D960724M
_a(BD-RjUL)20294
040 _aRutgers Univ. Library
_cCLE
_dUKM
_dEQO
_beng
041 _aeng
082 _a839.63
_bTAL 1953
245 1 0 _aTales of the Norse gods and heroes /
_cretold by Barbara Leonie Picard. Illustrated by Kiddell-Monroe
260 _aOxford :
_bOxford University Press,
_c1953
300 _aix, 312 p. :
_billus. ;
_c21 cm
650 0 _aFairy tales
_962365
740 0 _aNorse gods and heroes
942 _2ddc
_cBK
999 _c20232
_d20232